Statistics for Dungeons & Dragons Subclasses

Click here to take the quiz!

General Stats

  • This quiz has been taken 176 times
    (67 since last reset)
  • The average score is 60 of 118

Answer Stats

HintAnswer% Correct
Assassin
88%
Path of the Beast
83%
School of Evocation
83%
Circle of the Moon
79%
WizardSchool of Abjuration
79%
ArtificerAlchemist
75%
RogueArcane Trickster
75%
Battle Master
75%
RangerBeast Master Conclave
75%
College of Lore
75%
College of Swords
75%
Life Domain
75%
Path of the Berserker
75%
Path of Wild Magic
75%
School of Necromancy
75%
Thief
75%
War Domain
75%
Wild Magic
75%
Champion
71%
Death Domain
71%
Eldritch Knight
71%
Oath of Vengeance
71%
School of Illusion
71%
Way of Shadow
71%
Battle Smith
67%
Circle of Stars
67%
Fiend
67%
Gloom Stalker Conclave
67%
Knowledge Domain
67%
Light Domain
67%
Oathbreaker
67%
Tempest Domain
67%
Way of the Open Hand
67%
WarlockArchfey
63%
Circle of Spores
63%
Circle of the Land
63%
College of Valor
63%
Hunter Conclave
63%
Samurai
63%
School of Conjuration
63%
School of Divination
63%
School of Enchantment
63%
Grave Domain
58%
Oath of Redemption
58%
Path of the Zealot
58%
Way of the Four Elements
58%
Armorer
54%
Artillerist
54%
Circle of Wildfire
54%
Great Old One
54%
Hexblade
54%
Oath of Glory
54%
PaladinOath of the Ancients
54%
Swashbuckler
54%
Twilight Domain
54%
Way of the Drunken Master
54%
ClericArcana Domain
50%
Cavalier
50%
Echo Knight
50%
Oath of Conquest
50%
Path of the Totem Warrior
50%
School of Transmutation
50%
Trickery Domain
50%
Celestial
46%
Clockwork Soul
46%
Horizon Walker Conclave
46%
Nature Domain
46%
Order Domain
46%
Peace Domain
46%
FighterArcane Archer
42%
BardCollege of Creation
42%
College of Glamour
42%
College of Whispers
42%
Draconic Bloodline
42%
Forge Domain
42%
Mastermind
42%
Oath of Devotion
42%
Oath of the Crown
42%
Oath of the Watchers
42%
School of Graviturgy
42%
Undead
42%
DruidCircle of Dreams
38%
College of Spirits
38%
Divine Soul
38%
Fathomless
38%
Fey Wanderer
38%
Inquisitive
38%
BarbarianPath of the Ancestral Guardian
38%
Path of the Storm Herald
38%
Phantom
38%
Rune Knight
38%
School of Bladesinging
38%
School of War Magic
38%
The Genie
38%
Undying
38%
Way of the Kensei
38%
Circle of the Shepherd
33%
Order of Scribes
33%
Psi Warrior
33%
School of Chronurgy
33%
Soulknife
33%
Storm Sorcery
33%
Swarmkeeper
33%
Way of the Sun Soul
33%
SorcererAberrant Mind
29%
College of Eloquence
29%
Drakewarden
29%
Path of the Battlerager
29%
Shadow Magic
29%
Way of the Long Death
29%
Monster Slayer Conclave
25%
Scout
25%
Way of the Astral Self
25%
Banneret
21%
MonkWay of Mercy
21%
Lunar Sorcery
17%
Path of the Giant
17%
Way of the Ascendant Dragon
17%

Score Distribution

Percentile by Number Answered

Percent of People with Each Score

Your Score History

You have not taken this quiz since the last reset